00435nam a2200181Ia 4500003000400000005001700004008004100021020001800062040000700080041000800087082001600095100002200111245005100133250000600184260003300190300001700223365001300240OSt20230401100912.0210423s2009 xx 000 0 und d a9788174465853 cAL aeng a658.15 BHAS aBHAT (Sudhindra). aFinancial management: principles and practice. a2 aNew DelhibExcel Booksc2009 axvii,885bPB b340cINR